000
00233nam a2200097Ia 4500
008
240331s9999 xx 000 0 und d
082
_b
MUK
100
_a
Maris,
245
0
_a
Mukilkalin meethu nerruppu :
_b
santhanam oviyankal
942
_c
L
999
_c
3691
_d
3691